• 首页
  • 本馆介绍
  • 公告通知
  • 最新文献
  • 馆藏检索
  • 电子资源
  • 读者导购
  • 参考咨询
  • 我的图书馆
  • 登录
  • 详细信息显示
  • 放入我的书架
  • 预约/预借图书
  • 作者相关作品
  • 分类相关作品
  • 丛书相关作品
  • 出版社相关作品

书目信息

  • 表格格式
  • 工作单格式
  • 卡片格式
题名:
新时代背景下油画语言的主观性研究
    
 
作者: 徐琳琳 , 张艺龙 著
分册:  
出版信息: 长春   吉林美术出版社  2019
页数: 194页
开本: 24cm
丛书名:
单 册:
中图分类: J213.052
科图分类:
主题词: 油画--you hua--绘画研究--中国--现代
电子资源:
ISBN: 978-7-5575-4279-5
000 01030nam0 2200265 450
001 012001006540
005 20131016174827.0
010    @a978-7-5575-4279-5@dCNY52.00
099    @aCAL 012019036426
100    @a20190307d2019 em y0chiy50 ea
101 0  @achi
102    @aCN@b220000
105    @ay a 000yy
106    @ar
200 1  @a新时代背景下油画语言的主观性研究@Axin shi dai bei jing xia you hua yu yan de zhu guan xing yan jiu@f徐琳琳, 张艺龙著
210    @a长春@c吉林美术出版社@d2019
215    @a194页@d24cm
320    @a有书目 (第192-194页)
330    @a本书介绍了进行油画创作的过程中, 创作形象与物象的手段和形式, 其实就是艺术语言的形式要素。在本书中, 作者以油画作品的个性化语言作为切入点, 对当前油画作品潜在的内涵进行了详细的研究和分析, 为后续油画作品的发展提供了宝贵的建议。
606 0  @a油画@Ayou hua@x绘画研究@y中国@z现代
690    @aJ213.052@v5
701  0 @a徐琳琳@Axu lin lin@4著
701  0 @a张艺龙@Azhang yi long@4著
801  0 @aCN@b上海新华@c20191020
905    @b1099850-3@dJ213.052@e1047@f4
    
    新时代背景下油画语言的主观性研究/徐琳琳, 张艺龙著.-长春:吉林美术出版社,2019
    194页;24cm
    
    
    ISBN 978-7-5575-4279-5:CNY52.00
    本书介绍了进行油画创作的过程中, 创作形象与物象的手段和形式, 其实就是艺术语言的形式要素。在本书中, 作者以油画作品的个性化语言作为切入点, 对当前油画作品潜在的内涵进行了详细的研究和分析, 为后续油画作品的发展提供了宝贵的建议。
●
相关链接 在E读中查询图书 在五车中查询图书 在当当中查询图书 在豆瓣中查询图书


正题名:新时代背景下油画语言的主观性研究     索取号:J213.052/1047         预约/预借

序号 登录号 条形码 馆藏地/架位号 状态 备注
1 1099850   210998508   第一样本阅览室/ [索取号:J213.052/1047] 在馆    
2 1099851   210998517   第一借阅区/ [索取号:J213.052/1047] 在馆    
3 1099852   210998526   第一借阅区/ [索取号:J213.052/1047] 在馆    
4 1099853   210998535   第一借阅区/ [索取号:J213.052/1047] 在馆    
唐山师范学院图书馆 欢迎您!
大连网信软件有限公司© 版权所有